Metódy regulácie sieťových odvetví v podmienkach Slovenskej ekonomiky (I. regulačné obdobie) diplomová práca

Salvato in:
Dettagli Bibliografici
Autore principale: Juráňová, Monika
Ente Autore: Fakulta hospodárskej informatiky EU. Katedra operačného výskumu a ekonometrie
Altri autori: Fendek, Michal
Natura: Libro
Lingua:slovacco
Pubblicazione: Bratislava 2008
Tags: Aggiungi Tag
Nessun Tag, puoi essere il primo ad aggiungerne!!

MARC

LEADER 00000nam$a2200000$$$4500
001 0083803
005 20240201115613.5
041 0 |a slo 
044 |a SK 
245 1 0 |a Metódy regulácie sieťových odvetví v podmienkach Slovenskej ekonomiky (I. regulačné obdobie)  |b diplomová práca  |c Monika Juráňová ; škol. Michal Fendek 
264 1 |a Bratislava  |c 2008 
300 |a 82 s. 
100 1 |a Juráňová, Monika 
700 1 |a Fendek, Michal 
710 2 |a Fakulta hospodárskej informatiky EU. Katedra operačného výskumu a ekonometrie